| 000 | 00646nam a22001217a 4500 | ||
|---|---|---|---|
| 040 | _cRUA | ||
| 100 | _aPIN, CHANRATANA. | ||
| 245 | _athe effectiveness of village animal health worker creating in senmonorom district, mondulkiri province (ប្រសិទ្ធភាពនៃការបង្កើតភ្នាក់ងារសុខភាពសត្វភូមិនៅស្រុកសែនមនោរម្យ ខេត្តរតនគីរី) | ||
| 260 |
_aPhnom Penh _bRUA _c2009 |
||
| 300 |
_ax, 53p. _bill. _c29 cm. |
||
| 856 | _uhttps://drive.google.com/file/d/1hRWjrGnZ_-NNN-3RS4J1l4EaZL1m3VlA/view?usp=sharing | ||
| 942 | _cAVM | ||
| 999 |
_c2416 _d2416 |
||